| 000 -LEADER |
| fixed length control field |
00406nam a22001337a 4500 |
| 008 - FIXED-LENGTH DATA ELEMENTS--GENERAL INFORMATION |
| fixed length control field |
230509b ||||| |||| 00| 0 eng d |
| 100 ## - MAIN ENTRY--PERSONAL NAME |
| Personal name |
Khatua, Niljanjan |
| 245 ## - TITLE STATEMENT |
| Title |
Health problems and health care issues among the tribal communities of central India |
| 260 ## - PUBLICATION, DISTRIBUTION, ETC. (IMPRINT) |
| Place of publication, distribution, etc |
Man In India |
| 300 ## - PHYSICAL DESCRIPTION |
| Extent |
10(3-4), 2022: p.329-346 |
| 773 ## - HOST ITEM ENTRY |
| Main entry heading |
Man In India |
| 906 ## - LOCAL DATA ELEMENT F, LDF (RLIN) |
| Subject DIP |
TRIBES - INDIA |
| 942 ## - ADDED ENTRY ELEMENTS (KOHA) |
| Item type |
Articles |